La matematica degli Egizi : i papiri matematici del Medio Regno /

محفوظ في:

المؤلف الرئيسي: Cartocci, Alice.

التنسيق: كتاب

اللغة: Italian

منشور في: Firenze, Italy : Firenze University Press, 2007.

الموضوعات:

الوسوم: إضافة وسم

لا توجد وسوم, كن أول من يضع وسما على هذه التسجيلة!

رقم الطلب: QA27 .E3 C37

LEADER 00659nam a22002057a 4500
003 OSt
005 20251117082050.0
008 251117t2007 it a b 001 0 ita d
020 |a 9788884535818 
040 |c ARCE Library 
050 1 4 |a QA27 .E3  |b C37 
100 1 |a Cartocci, Alice. 
245 1 0 |a La matematica degli Egizi :   |b i papiri matematici del Medio Regno /   |c Alice Cartocci. 
264 1 |a Firenze, Italy :   |b Firenze University Press,   |c 2007. 
300 |a 142 p. :   |b ill. ;   |c 24 cm. 
504 |a Includes bibliographical references (p. [135]-142) and index. 
650 0 |a Mathematics, Egyptian. 
901 |a reviewed 
942 |2 lcc  |c BK 
999 |c 47401  |d 47401